[Event "AUTO-INT-2901"]
[Site "http://www.queenalice.com/game.php?id=1307896"]
[Date "2014.9.12"]
[Round "1"]
[White "dladuke7"]
[Black "FoxInSox"]
[Result "0-1"]
[WhiteElo "1755"]
[BlackElo "1711"]

1. e4 d5 2. d3 dxe4 3. dxe4 Qxd1+ 4. Kxd1 e5 5. Nf3 Bd6 6. Nc3 Nc6 7. Bb5 a6 8.
Bxc6+ bxc6 9. Be3 Nf6 10. Ke2 O-O 11. Rad1 Rb8 12. b3 Bb4 13. Nb1 Nxe4 14. Rd3
Nc5 15. Bxc5 Bxc5 16. Re1 e4 17. Rc3 exf3+ 18. Kxf3 Bb4 19. Rxc6 Bxe1 0-1

[Event "AUTO-INT-2901"]
[Site "http://www.queenalice.com/game.php?id=1307897"]
[Date "2014.9.12"]
[Round "1"]
[White "FoxInSox"]
[Black "dladuke7"]
[Result "1-0"]
[WhiteElo "1698"]
[BlackElo "1673"]

1. d4 d5 2. Bg5 Nc6 3. Nf3 h6 4. Bh4 Nf6 5. Bxf6 gxf6 6. e3 Bg4 7. Bb5 e6 8. O-O
Qd7 9. a4 Qd6 10. a5 O-O-O 11. a6 b6 12. Nbd2 Bg7 13. h3 Bxf3 14. Nxf3 Ne7 15.
Qd3 c6 16. Qc3 Kb8 17. Bd3 Nf5 18. e4 dxe4 19. Bxe4 h5 20. Bxc6 Nxd4 21. Nxd4 f5
22. Qf3 Qxd4 23. Ba8 Rd7 24. Rad1 Qa4 25. Rxd7 Qxd7 26. Kh2 Be5+ 27. g3 Bxb2 28.
Rd1 Qe7 29. Qc6 Rc8 30. Qb7+ Qxb7 31. axb7 Re8 32. Rd7 f6 33. Rh7 a5 34. Rxh5 a4
35. Rh4 a3 36. Ra4 b5 37. Ra6 b4 38. h4 Bd4 39. f3 e5 40. Kh3 f4 41. gxf4 exf4
42. h5 Rh8 43. Kg4 Be5 44. Kh4 Rg8 45. h6 f5 46. Kh5 Rg2 47. Rc6 Ka7 48. Rc5
Rh2+ 49. Kg6 Bd6 50. Rxf5 Rxc2 51. h7 Rh2 52. Kg7 Kb6 53. Rf6 Kc7 54. Rxd6 a2
55. Rc6+ Kb8 56. Rc8+ Ka7 57. b8=Q+ Ka6 58. Rc6+ 1-0

[Event "AUTO-INT-2901"]
[Site "http://www.queenalice.com/game.php?id=1307908"]
[Date "2014.9.12"]
[Round "1"]
[White "daniel0176"]
[Black "FoxInSox"]
[Result "1-0"]
[WhiteElo "1701"]
[BlackElo "1700"]

1. e4 d5 2. exd5 Qxd5 3. Nc3 Qe5+ 4. Nge2 Nf6 5. d4 Qd6 6. Bf4 Qb6 7. b3 Bg4 8.
Qd3 e6 9. Nb5 Bd6 10. Be3 O-O 11. d5 Nxd5 12. Bxb6 Nxb6 13. Nxd6 cxd6 14. Qxd6
Bf5 15. Nd4 Na6 16. Nxf5 exf5 17. Bb5 Rad8 18. Qg3 Rfe8+ 19. Be2 g6 20. Qf3 Nd5
21. O-O Nf6 22. Bd3 Nc5 23. Bc4 a6 24. a4 Nce4 25. Rfe1 Rd2 26. Rf1 Rxc2 27. Bd3
Rc3 28. h3 Nd2 29. Qxb7 Nxf1 30. Bxf1 Rd8 31. Bc4 Ne4 32. Qxf7+ Kh8 33. Qe7 Ra8
34. Qe5+ 1-0

[Event "AUTO-INT-2901"]
[Site "http://www.queenalice.com/game.php?id=1307909"]
[Date "2014.9.12"]
[Round "1"]
[White "FoxInSox"]
[Black "daniel0176"]
[Result "0-1"]
[WhiteElo "1444"]
[BlackElo "1732"]

1. d4 d5 2. Bg5 h6 3. Bh4 Nc6 4. Nf3 Bf5 5. e3 a6 6. Bd3 Qd7 7. c4 e6 8. c5 Bxd3
9. Qxd3 Be7 10. O-O Nb4 11. Qc3 a5 12. Bxe7 Qxe7 13. a3 Nc6 14. Nbd2 Nf6 15. Qd3
O-O 16. e4 Ng4 17. e5 b6 18. h3 Ngxe5 19. dxe5 Rfe8 20. cxb6 cxb6 21. Qb5 Qc7
22. Rac1 Qd7 23. Rxc6 Rac8 24. Rxb6 Qa7 25. Ra6 Qe7 26. Qxa5 Qb7 27. b4 Ra8 28.
Rxa8 Rxa8 29. Qc5 Qb8 30. Nb1 Kh8 31. Qc6 g6 32. Rc1 Qf8 33. Qc7 g5 34. b5 Rc8
35. Qxc8 Qxc8 36. Rxc8+ Kg7 37. b6 Kg6 38. b7 h5 39. b8=Q g4 40. hxg4 hxg4 41.
Rh8 Kf5 42. Qb3 gxf3 43. Qxf3+ Kg6 0-1

[Event "Challenge"]
[Site "http://www.queenalice.com/game.php?id=1310835"]
[Date "2014.9.27"]
[Round "-"]
[White "FoxInSox"]
[Black "silverado"]
[Result "0-1"]
[WhiteElo "1715"]
[BlackElo "1845"]

1. d4 d5 2. Bg5 h6 3. Bh4 g5 4. Bg3 Bg7 5. Nf3 Nc6 6. c4 dxc4 7. e3 b5 8. d5 Nb4
9. Nc3 a6 10. a3 Bxc3+ 11. bxc3 Nxd5 12. e4 Nxc3 13. Qxd8+ Kxd8 14. Be5 f6 15.
Bxc3 e5 16. g3 Bb7 17. Bh3 Bxe4 18. Rd1+ Ke8 19. Bd7+ Ke7 20. Bg4 h5 21. Bb4+
Kf7 22. Rd7+ Kg6 23. O-O hxg4 24. Nd2 Bd3 25. Rxc7 a5 26. Bc5 c3 27. Rd1 Be2 28.
Nb1 Bxd1 29. Nxc3 Bf3 30. Nxb5 Rb8 31. a4 Nh6 32. h3 gxh3 33. Kh2 Ng4+ 34. Kg1
h2+ 0-1

[Event "AUTO-OPEN-3337"]
[Site "http://www.queenalice.com/game.php?id=1310972"]
[Date "2014.9.27"]
[Round "1"]
[White "vivafischer"]
[Black "FoxInSox"]
[Result "1-0"]
[WhiteElo "2012"]
[BlackElo "1704"]

1. e4 d5 2. exd5 Qxd5 3. Nc3 Qd6 4. Bc4 e5 5. d3 Nf6 6. Nge2 e4 7. Nxe4 Nxe4 8.
dxe4 Qxd1+ 9. Kxd1 Nc6 10. Be3 Bb4 11. c3 Bd6 12. Kc2 Be6 13. Bxe6 fxe6 14. f4
O-O-O 15. Rad1 e5 16. f5 a5 17. g4 a4 18. h4 b5 19. a3 h5 20. g5 Rdg8 21. Rd5 b4
22. axb4 Rd8 23. Rhd1 Rhf8 24. Ng3 g6 25. fxg6 Rf3 26. Nf5 Rh3 27. R1d2 Rg8 28.
Nxd6+ Kb8 29. Nf5 Rxg6 30. Bf2 Nxb4+ 31. cxb4 Rc6+ 32. Bc5 a3 33. bxa3 Rxa3 34.
b5 Rg6 35. Bxa3 1-0

[Event "AUTO-OPEN-3337"]
[Site "http://www.queenalice.com/game.php?id=1310973"]
[Date "2014.9.27"]
[Round "1"]
[White "FoxInSox"]
[Black "vivafischer"]
[Result "0-1"]
[WhiteElo "1719"]
[BlackElo "2031"]

1. d4 e6 2. e4 d5 3. e5 c5 4. c4 cxd4 5. Qxd4 Nc6 6. Qf4 Nge7 7. c5 Ng6 8. Qe3
Ngxe5 9. Bb5 Nd7 10. Qg5 Qxg5 11. Bxg5 Bxc5 12. Nf3 f6 13. Bd2 O-O 14. O-O Nde5
15. Nxe5 Nxe5 16. b4 Bd4 17. Bc3 Bxc3 18. Nxc3 Bd7 19. f4 Bxb5 20. Nxb5 Nc6 21.
Nc7 Rac8 22. Nxe6 Rfe8 23. Nc5 Nxb4 24. Nxb7 Rc2 25. Nd6 Ree2 0-1

[Event "AUTO-OPEN-3337"]
[Site "http://www.queenalice.com/game.php?id=1310998"]
[Date "2014.9.27"]
[Round "1"]
[White "Paraucho"]
[Black "FoxInSox"]
[Result "1-0"]
[WhiteElo "2007"]
[BlackElo "1730"]

1. e4 d5 2. e5 Nc6 3. d4 e6 4. c3 g5 5. Qg4 h5 6. Qxg5 Qxg5 7. Bxg5 Be7 8. Be3
Nh6 9. b4 a6 10. Bd3 Ng4 11. Bd2 Bd7 12. h3 Ngxe5 13. dxe5 Nxe5 14. Be2 h4 15.
Bf4 Bd6 16. Be3 O-O-O 17. Bd4 Rhg8 18. Nd2 Rxg2 19. Ndf3 Nxf3+ 20. Nxf3 Rh8 21.
Bxh8 1-0

[Event "AUTO-OPEN-3337"]
[Site "http://www.queenalice.com/game.php?id=1310999"]
[Date "2014.9.27"]
[Round "1"]
[White "FoxInSox"]
[Black "Paraucho"]
[Result "0-1"]
[WhiteElo "1725"]
[BlackElo "1978"]

1. d4 d5 2. Bg5 c6 3. Nf3 Qb6 4. b3 Bf5 5. a4 e6 6. a5 Qc7 7. e3 Bg4 8. Be2 Bxf3
9. Bxf3 Bd6 10. O-O Bxh2+ 11. Kh1 Bd6 12. Qd2 Ne7 13. Nc3 Ng6 14. g3 h6 15. Bf4
Nxf4 16. exf4 Nd7 17. Kg2 a6 18. Ne2 Rc8 19. b4 h5 20. Rh1 Nf6 21. g4 g6 22. g5
Nd7 23. c3 Ke7 24. Rae1 b6 25. axb6 Nxb6 26. Ra1 Ra8 27. Nc1 Bxf4 28. Qe2 Nc4
29. Nd3 Bxg5 30. Nc5 a5 31. Rhe1 h4 32. Nxe6 h3+ 0-1

[Event "AUTO-OPEN-3337"]
[Site "http://www.queenalice.com/game.php?id=1311014"]
[Date "2014.9.27"]
[Round "1"]
[White "antonio_mz"]
[Black "FoxInSox"]
[Result "1-0"]
[WhiteElo "1150"]
[BlackElo "1475"]

1. d4 d5 2. Nc3 e5 3. dxe5 d4 4. Nb5 Nc6 5. Nf3 a6 6. Nbxd4 Nxd4 7. Nxd4 c5 8.
Nf3 Qxd1+ 9. Kxd1 b5 10. e4 c4 11. Bd2 1-0

[Event "AUTO-OPEN-3337"]
[Site "http://www.queenalice.com/game.php?id=1311015"]
[Date "2014.9.27"]
[Round "1"]
[White "FoxInSox"]
[Black "antonio_mz"]
[Result "0-1"]
[WhiteElo "1505"]
[BlackElo "1120"]

1. d4 d5 2. Bg5 h6 3. Bh4 g5 4. Bg3 Nf6 5. c4 Ne4 6. Be5 f6 7. cxd5 fxe5 8. Qd3
Qxd5 9. Nc3 Nxc3 10. Qg6+ Qf7 11. Qxf7+ Kxf7 0-1

[Event "AUTO-INT-2910"]
[Site "http://www.queenalice.com/game.php?id=1313643"]
[Date "2014.10.9"]
[Round "1"]
[White "FoxInSox"]
[Black "Nunes"]
[Result "0-1"]
[WhiteElo "1658"]
[BlackElo "1744"]

1. d4 Nf6 2. e4 Nxe4 3. Bd3 d5 4. Nf3 Bf5 5. O-O e6 6. Qe2 Bd6 7. Bg5 f6 8. Be3
Nc6 9. Bb5 O-O 10. Nc3 Nxc3 0-1

[Event "AUTO-INT-2911"]
[Site "http://www.queenalice.com/game.php?id=1314370"]
[Date "2014.10.11"]
[Round "1"]
[White "FoxInSox"]
[Black "valdenicio"]
[Result "0-1"]
[WhiteElo "1663"]
[BlackElo "1938"]

1. e4 c5 2. e5 Nc6 3. Nf3 d5 4. Bb5 e6 5. d4 Bd7 6. O-O Qb6 7. Bxc6 Bxc6 8. c3
cxd4 9. Nxd4 Ne7 10. Bg5 Ng6 0-1

[Event "AUTO-INT-2911"]
[Site "http://www.queenalice.com/game.php?id=1314371"]
[Date "2014.10.11"]
[Round "1"]
[White "valdenicio"]
[Black "FoxInSox"]
[Result "1-0"]
[WhiteElo "1930"]
[BlackElo "1605"]

1. d4 d5 2. Nf3 Bg4 3. e3 e6 4. Nbd2 Bb4 5. c3 Bxf3 6. Nxf3 Bd6 7. Bd3 c5 8. O-O
c4 9. Bc2 Nf6 10. Re1 Qc7 11. h3 1-0

[Event "AUTO-INT-2911"]
[Site "http://www.queenalice.com/game.php?id=1314372"]
[Date "2014.10.11"]
[Round "1"]
[White "FoxInSox"]
[Black "rocha"]
[Result "0-1"]
[WhiteElo "1624"]
[BlackElo "1541"]

1. e4 e5 2. d4 Nc6 3. d5 Nce7 4. Bg5 f6 5. Be3 d6 6. Bb5+ Bd7 7. Qe2 a6 8. Bxd7+
Qxd7 9. c4 Nc8 10. Qh5+ g6 11. Qh3 Qf7 12. Nf3 h6 13. O-O a5 0-1

[Event "AUTO-INT-2911"]
[Site "http://www.queenalice.com/game.php?id=1314373"]
[Date "2014.10.11"]
[Round "1"]
[White "rocha"]
[Black "FoxInSox"]
[Result "1-0"]
[WhiteElo "1520"]
[BlackElo "1645"]

1. e4 d5 2. Qe2 dxe4 3. Qxe4 Nf6 4. Qd3 Qxd3 5. Bxd3 e5 6. b3 Bg4 7. f3 Be6 8.
Bb2 Nc6 9. c3 Bc5 10. Ne2 Rd8 11. Bb5 O-O 12. Ba3 Bxa3 13. Nxa3 1-0